Temas de economía : (Record no. 85734)

MARC details
000 -LEADER
fixed length control field 00922cam a2200241 4500
005 - DATE AND TIME OF LATEST TRANSACTION
control field 20260220090513.0
008 - FIXED-LENGTH DATA ELEMENTS--GENERAL INFORMATION
fixed length control field 041206t19981998sp 000 0 spa u
020 ## - INTERNATIONAL STANDARD BOOK NUMBER
International Standard Book Number 8481553808
050 04 - LIBRARY OF CONGRESS CALL NUMBER
Classification number HB171.5
Item number T46 1998
240 ## - UNIFORM TITLE
Version
245 00 - TITLE STATEMENT
Title Temas de economía :
Remainder of title adaptados al programa de oposición para corredores de comercio colegiados /
Statement of responsibility, etc dirección Ángel Almoguera Gómez ; Ángel Almoguera Gómez,...[et al.] ; prólogo Álvaro Cuervo García.
250 ## - EDITION STATEMENT
Edition statement 1a ed.
260 ## - PUBLICATION, DISTRIBUTION, ETC. (IMPRINT)
Place of publication, distribution, etc Madrid :
Name of publisher, distributor, etc Dykinson,
Date of publication, distribution, etc 1998.
300 ## - PHYSICAL DESCRIPTION
Extent 448 p. ;
Dimensions 24 cm.
504 ## - BIBLIOGRAPHY, ETC. NOTE
Bibliography, etc Incluye bibliografía : p. 439-444.
650 #7 - SUBJECT ADDED ENTRY--TOPICAL TERM
Source of heading or term lemb
Topical term or geographic name as entry element Economía
General subdivision Manuales
700 1# - ADDED ENTRY--PERSONAL NAME
Personal name Almoguera Gómez, Ángel
Relator term director
-- autor
700 1# - ADDED ENTRY--PERSONAL NAME
Personal name Fanjul, José Luis
Relator term autor
700 1# - ADDED ENTRY--PERSONAL NAME
Personal name García Díaz, Iluminada
Relator term autor
700 1# - ADDED ENTRY--PERSONAL NAME
Personal name Jiménez García, Eduardo
Relator term autor
700 1# - ADDED ENTRY--PERSONAL NAME
Personal name Cuervo García, Álvaro
Relator term prologuista
942 ## - ADDED ENTRY ELEMENTS (KOHA)
Source of classification or shelving scheme Biblioteca del Cogreso de los Estados Unidos
Koha item type Libro
Holdings
Estado de pérdida Fuente de clasificación Estado del daño No para préstamo Ubicación permanente Ubicación actual Apartado o colección Fecha de adquisición Fuente de adquisición Edición Dependencia de educación superior (DES) Área del conocimiento Clasificación Código de Barras Date last seen Número de copia Costo por reposición Tipo de recurso
  Biblioteca del Cogreso de los Estados Unidos   Uso interno Biblioteca Biblioteca de la Facultad de Economía Biblioteca de la Facultad de Economía General 20/02/2026 FOMES 2003 1a ed. Ciencias Económico Administrativas Ciencias Sociales y Administrativas HB171.5 T46 1998 BFE000000784 13/12/2016 1 1.00 Libro
  Biblioteca del Cogreso de los Estados Unidos     Biblioteca de la Facultad de Economía Biblioteca de la Facultad de Economía General 20/02/2026 Unidad Académica 1a ed. Ciencias Económico Administrativas Ciencias Sociales y Administrativas HB171.5 T46 1998 BFE000000785 13/12/2016 2 1.00 Libro